Logo Biblioteca

Cuando Alicia atravesó el espejo / (Registro nro. 984)

Detalles MARC
000 -LEADER
fixed length control field 01743cam a22002895a 4500
003 - CONTROL NUMBER IDENTIFIER
control field AR-RoUNCS
005 - DATE AND TIME OF LATEST TRANSACTION
control field 20260507151450.0
007 - PHYSICAL DESCRIPTION FIXED FIELD--GENERAL INFORMATION
fixed length control field ta
008 - FIXED-LENGTH DATA ELEMENTS--GENERAL INFORMATION
fixed length control field 070305s2009 ag |||||r |00| f spa d
020 ## - INTERNATIONAL STANDARD BOOK NUMBER
International Standard Book Number 9789505812738
040 ## - CATALOGING SOURCE
Original cataloging agency AR-RoUNCS
Language of cataloging spa
Transcribing agency AR-RoUNCS
041 1# - LANGUAGE CODE
Language code of text/sound track or separate title spa
Language code of original eng
080 1# - UNIVERSAL DECIMAL CLASSIFICATION NUMBER
Universal Decimal Classification number 82-31(410)
100 1# - MAIN ENTRY--PERSONAL NAME
Personal name Carroll, Lewis,
Dates associated with a name 1832-1898
Relator term autor
245 10 - TITLE STATEMENT
Title Cuando Alicia atravesó el espejo /
Statement of responsibility, etc. Lewis Carroll ; traducción Graciela Montes ; ilustraciones Gustavo Roldán.
250 ## - EDITION STATEMENT
Edition statement 1a ed.
260 ## - PUBLICATION, DISTRIBUTION, ETC.
Place of publication, distribution, etc. Buenos Aires :
Name of publisher, distributor, etc. Colihue,
Date of publication, distribution, etc. i2009.
300 ## - PHYSICAL DESCRIPTION
Extent 155 p. :
Other physical details ils. ;
Dimensions 24 cm.
490 ## - SERIES STATEMENT
Series statement Los Libros de Boris
505 0# - FORMATTED CONTENTS NOTE
Formatted contents note La casa del espejo -- El jardín de las flores vivientes -- Los insectos de la Casa del Espejo -- Carabirulín y Carabirulán -- Lana y agua -- Pepín Cascarón -- El león y el unicornio -- Es un invento mío -- La Reina Alicia -- Sacudiendo -- Despertándose -- ¿Quién fue el que lo soñó?.-
520 ## - SUMMARY, ETC.
Summary, etc. “¡Te juro! Va a ser bastante fácil pasar al otro lado… Cuando Alicia dijo esto ya estaba trepada a la repisa de la chimenea, aunque casi no recordaba cómo había hecho para llegar hasta allí. Y era cierto que el vidrio estaba empezando a disolverse como una brillante bruma de plata. Un instante después Alicia había atravesado el vidrio y había aterrizado de un salto en la habitación del espejo. Lo primero que hizo fue mirar para ver si en el lugar había fuego encendido, y se alegró al descubrir que había un fuego de verdad, que brillaba tanto como el que acababa de dejar atrás.”
650 #7 - SUBJECT ADDED ENTRY--TOPICAL TERM
Source of heading or term embne
Topical term or geographic name entry element Literatura inglesa
655 #7 - INDEX TERM--GENRE/FORM
Source of term embne
Genre/form data or focus term Novelas cortas
700 ## - ADDED ENTRY--PERSONAL NAME
Personal name Montes, Graciela
Relator term tr.
700 ## - ADDED ENTRY--PERSONAL NAME
Personal name Roldán, Gustavo
Relator term il.
942 ## - ADDED ENTRY ELEMENTS (KOHA)
Source of classification or shelving scheme Universal Decimal Classification
Koha item type Obra General
Suppress in OPAC No
Existencias
Withdrawn status Lost status Source of classification or shelving scheme Damaged status Not for loan Collection Home library Current library Date acquired Total checkouts Full call number Barcode Date last seen Date last checked out Price effective from Koha item type
    Universal Decimal Classification     Colección General Biblioteca Escuela de Ciencias Sociales Biblioteca Escuela de Ciencias Sociales 14/04/2026 1 82-31(410) C319 000175 07/05/2026 14/04/2026 14/04/2026 Obra General
Biblioteca de la Escuela Preuniversitaria en Ciencias Sociales y Humanísticas.
Riobamba 250 bis.
CP 2000 - Rosario - Santa Fe
E-Mail: biblioteca@esociales.unr.edu.ar